000
00300nam a2200121Ia 4500
008
190902s9999||||xx |||||||||||||| ||und||
020
_a
0-00-653129-6
100
_a
S.M.Bhaskar
245
0
_a
Information Security a practical approach
260
_a
India
_b
Narosa
_c
2008
300
_a
276
942
_c
BK
999
_c
2715
_d
2715